[Event "FRA-chT4 0001"]
[Site "Champagne Ardenne"]
[Date "2001.01.14"]
[Round "4"]
[White "Da Costa, Manuel"]
[Black "Kruk, Eugene"]
[Result "1-0"]
[WhiteElo "1750"]
[BlackElo "1720"]
[PlyCount "119"]
[EventDate "2001.10.??"]
[EventType "team"]
[EventRounds "7"]
[EventCountry "FRA"]
[SourceTitle "EXT 2005"]
[Source "ChessBase"]
[SourceDate "2004.11.15"]
[SourceVersion "1"]
[SourceVersionDate "2004.11.15"]
[SourceQuality "1"]

1. b3 d5 2. Bb2 a6 3. e3 c5 4. Nf3 Nc6 5. Be2 Nf6 6. h3 e6 7. 0-0 Be7 8. d3 0-0 9. Nbd2 Qc7 10. c4 d4 11. exd4 cxd4 12. Nxd4 Nd7 13. Nxc6 Qxc6 14. Bf3 Qc7 15. Qe2 Rb8 16. d4 b6 17. d5 e5 18. Rfd1 Bd6 19. Ne4 f5 20. Nxd6 Qxd6 21. Qd2 e4 22. Qd4 Rf6 23. Be2 Rg6 24. Bh5 Rf6 25. Rac1 a5 26. Qe3 Rh6 27. Qg5 Qf8 28. d6 Re6 29. Rd5 g6 30. Rcd1 Bb7 31. R5d2 h6 32. Qg3 Kh7 33. Be2 f4 34. Qc3 f3 35. Bf1 g5 36. g3 Rg6 37. a3 h5 38. b4 axb4 39. axb4 Rc8 40. Ra1 Ra8 41. Rxa8 Bxa8 42. c5 bxc5 43. bxc5 Bc6 44. Ba1 Re6 45. Qa5 e3 46. fxe3 Rxe3 47. Bd4 Re2 48. Bxe2 fxe2 49. Rxe2 Qf3 50. Qc3 Qh1+ 51. Kf2 Qg2+ 52. Ke1 Qh1+ 53. Kd2 Qd5 54. Qd3+ Kh6 55. Re7 Qa2+ 56. Ke3 Qg8 57. Bg7+ Qxg7 58. Rxg7 Kxg7 59. Qa6 Ne5 60. d7 1-0